Statystyka-ekonometria

Salvato in:
Dettagli Bibliografici
Natura: Libro
Lingua:polacco
inglese
Pubblicazione: Wroclaw Wydawnictwo Akademii Ekonomicznej we Wroclawiu 1991
Edizione:1. wyd.
Serie:Prace naukowe Nr 576
Soggetti:
Tags: Aggiungi Tag
Nessun Tag, puoi essere il primo ad aggiungerne!!

MARC

LEADER 00000nam a2200000 4500
001 c021658
005 20250509102719.3
041 0 |a pol 
041 0 |a eng 
044 |a PL 
245 1 0 |a Statystyka-ekonometria 
250 |a 1. wyd. 
264 1 |a Wroclaw  |b Wydawnictwo Akademii Ekonomicznej we Wroclawiu  |c 1991 
300 |a 110 s. 
490 1 |a Prace naukowe  |v Nr 576 
830 0 |a Prace naukowe  |v Nr 576 
610 2 0 |a štatistika 
610 2 0 |a ekonometria 
610 2 0 |a rovnováha 
610 2 0 |a podnik 
610 2 0 |a modely ekonometrické 
610 2 0 |a zmeny štruktúrne 
610 2 0 |a algoritmy 
610 2 0 |a programovanie lineárne 
610 2 0 |a produkcia 
610 2 0 |a hospodárstvo národné 
610 2 0 |a Poľsko